banner-ar

تاملات فى ابداعات الكاتبة العربية / (Record no. 49358)

MARC details
000 -الفاتح
حقل البيانات ثابتة الطول 01077nam a2200337Ia 4500
008 - عناصر البيانات ثابتة الطول - معلومات عامة
حقل البيانات ثابتة الطول 140319s9999 xx 000 0 ara d
040 ## - مصدر الفهرسة
وكالة الفهرسة الأصلية GCL /
وكالة النسخ GCL
082 04 - رقم تصنيف ديوى العشرى
رقم التصنيف 811.009
رقم المادة ش ت
100 1# - المدخل الرئيسى - إسم شخصى
الإسم الشخصى شمس الدين موسى
245 10 - بيان العنوان
العنوان تاملات فى ابداعات الكاتبة العربية /
بيان المسئوليه,etc شمس الدين موسى
300 ## - الوصف المادى
التعداد 135 ص
490 ## - بيان السلسلة
عنوان السلسلة دراسات ادبية
رقم المجلد/ التعيين التسلسلي 0
650 04 - المدخل الاضافى بالموضوع-مصطلح موضوعى
مصطلح موضوعي القصص العربية
650 04 - المدخل الاضافى بالموضوع-مصطلح موضوعى
مصطلح موضوعي الادباء العرب
650 04 - المدخل الاضافى بالموضوع-مصطلح موضوعى
مصطلح موضوعي اعتمادات
650 04 - المدخل الاضافى بالموضوع-مصطلح موضوعى
مصطلح موضوعي الادب العربى - العصر الحديث
650 04 - المدخل الاضافى بالموضوع-مصطلح موضوعى
مصطلح موضوعي القصص العربية - تاريخ ونقد
650 04 - المدخل الاضافى بالموضوع-مصطلح موضوعى
مصطلح موضوعي لطيفة الزيات
650 04 - المدخل الاضافى بالموضوع-مصطلح موضوعى
مصطلح موضوعي غادة السمان
650 04 - المدخل الاضافى بالموضوع-مصطلح موضوعى
مصطلح موضوعي سلوى بكر
650 04 - المدخل الاضافى بالموضوع-مصطلح موضوعى
مصطلح موضوعي فوزية مهران
650 04 - المدخل الاضافى بالموضوع-مصطلح موضوعى
مصطلح موضوعي ليلى الشربينى
650 04 - المدخل الاضافى بالموضوع-مصطلح موضوعى
مصطلح موضوعي منى حلمى
650 04 - المدخل الاضافى بالموضوع-مصطلح موضوعى
مصطلح موضوعي هالة البدرى
650 04 - المدخل الاضافى بالموضوع-مصطلح موضوعى
مصطلح موضوعي رضوى عاشور
650 04 - المدخل الاضافى بالموضوع-مصطلح موضوعى
مصطلح موضوعي سحر خليفة
650 04 - المدخل الاضافى بالموضوع-مصطلح موضوعى
مصطلح موضوعي فوزية رشد
650 04 - المدخل الاضافى بالموضوع-مصطلح موضوعى
مصطلح موضوعي اعتدال عثمان
942 ## - عناصر المدخل الإضافي( كوها)
مصدر التصنيف او مخطط الترفيف Dewey Decimal Classification
Koha [default] item type كتاب
Holdings
حالة التراجع حالة الفقد حالة تلف ليس للاعارة المكان المؤقت الموقع الحالى تاريخ الاكتساب اجمالي اﻻعارات رقم الطلب الباركود تاريخ اخر مشاهدة تاريخ تفعيل السعر نوع وعاء كوها
        مكتبة القاهرة الكبرى مكتبة القاهرة الكبرى 03/26/2014   811.009\ش ت 118629 03/26/2014 03/26/2014 كتاب

Powered By

EGPV